Supreme Court Yearly Digest 2005 (Record no. 619150)

MARC details
000 -LEADER
fixed length control field 00500nam a2200169 a 4500
008 - FIXED-LENGTH DATA ELEMENTS--GENERAL INFORMATION
fixed length control field 260408s2026##################000#0#eng##
020 ## - INTERNATIONAL STANDARD BOOK NUMBER
ISBN 9788170129868
Paper back/Hardbound hbk
082 04 - DEWEY DECIMAL CLASSIFICATION NUMBER
Classification number 348.5404605 SUR
100 ## - MAIN ENTRY--AUTHOR NAME
Personal name Malik,Surendra
245 10 - TITLE STATEMENT
Title Supreme Court Yearly Digest 2005
Statement of responsibility, etc /Surendra Malik,Sumeet Malik
250 ## - EDITION STATEMENT
Edition statement 5th ed.
260 ## - PUBLICATION, DISTRIBUTION, ETC. (IMPRINT)
Place of publication Lucknow:
Name of publisher Eastern book company,
Year of publication 2006.
300 ## - PHYSICAL DESCRIPTION
Number of Pages 1222p.
Dimensions ;24cm.
650 ## - SUBJECT ADDED ENTRY--TOPICAL TERM
Topical Term Laws, regulations, cases of India
942 ## - ADDED ENTRY ELEMENTS (KOHA)
Koha item type English Books
Holdings
Withdrawn status Lost status Damaged status Not for loan Home library Current library Shelving location Date acquired Full call number Accession Number Price effective from Koha item type
        Anna Centenary Library Anna Centenary Library 4TH FLOOR, A WING 08.04.2026 348.5404605 SUR 114528 08.04.2026 English Books

Find us on the map